Personnages The 100 - Statistiques

Statistiques générales
  • Ce quiz a été pris 8 fois
  • Le résultat moyen est 6 sur 30
Statistiques - réponses
Réponse % Correct
2 Bellamy Blake
57%
11 Lexa
57%
3 Octavia Blake
57%
8 Abby Griffin
43%
1 Clarke Griffin
43%
14 Thelenious Jaha
43%
15 Welles Jaha
43%
19 Echo
29%
16 Emori
29%
12 Lincoln
29%
21 Madi Griffin
29%
4 Raven Reyes
29%
17 Indra
14%
6 Jasper Jordan
14%
5 John Murphy
14%
27 Jordan Green
14%
9 Marcus Kane
14%
7 Monty Green
14%
30 Nathan Miller
14%
13 Niylah
14%
18 Roan
14%
22 Diyoza
0%
10 Finn Collins
0%
24 Gabriel Santiago
0%
28 Harper Mclntyre
0%
23 Hope Diyoza
0%
26 Joséphine Lightbourne
0%
20 Ontari
0%
25 Russell Lightbourne
0%
29 Shaw
0%
Aucun quiz correspondant
Distribution des résultats
% des personnes avec chaque résultat
Percentile par nombre de réponses
Votre historique - résultats
Vous n’avez pas pris ce quiz